Ley de la justicia administrativa alemana: análisis comparado y traducción

Bewaard in:
Bibliografische gegevens
Hoofdauteur: Aberastury, Pedro (Auteur)
Formaat: Boek
Taal:Spaans
Gepubliceerd in: Buenos Aires Abeledo-Perrot 2009
Editie:1a. ed
Onderwerpen:
Tags: Voeg label toe
Geen labels, Wees de eerste die dit record labelt!

MARC

LEADER 00000nam a2200000 a 4500
001 UCH4959
003 CL-VaPUC
008 090916e20090000AG |||||||||||||||||spa|d
020 |a 9789502019604 
082 0 4 |a 342.06  |b ABE  |2 21 
100 0 |a Aberastury, Pedro  |e author  |9 541048 
245 1 0 |a Ley de la justicia administrativa alemana: análisis comparado y traducción 
250 |a 1a. ed 
300 |a 206 p 
942 |c BK 
945 |d 20090916 00:00:00  |a rbrito 
260 |a Buenos Aires  |b Abeledo-Perrot  |c 2009 
650 7 |a DERECHO ADMINISTRATIVO ALEMAN  |2 CL-VaPUC  |9 541049 
650 0 |a Derecho alemán   |9 385144 
650 0 |a Derecho comparado  |9 255664 
583 |a last modification  |c 20190801 07:56:07  |k Rodrigo Vera 
999 |c 336191  |d 336189 
952 |0 0  |1 0  |4 0  |6 342_060000000000000_ABE_2009  |7 0  |8 A  |9 427174  |a BIBDER  |b BIBDER  |d 2019-11-22  |i 4545753  |l 1  |o 342.06 ABE 2009  |p 4545753  |r 2023-03-30  |s 2023-03-23  |w 2019-11-22  |y BK  |k DER